000
00285nam a2200109Ia 4500
008
210430s9999 xx 000 0 und d
082
_a
954.9105 M6711Z
100
_a
Jabbar Mirza
_9
54547
245
_a
Zia Daur Fazal Haq ki Nazar Main
_c
Jabbar Mirza
300
_a
196
942
_c
BK
_2
ddc
999
_c
565167
_d
565167